000 00594nam a2200181Ia 4500
008 100920s9999 xx 000 0 und d
082 _b75231
_a24 थ 99
100 _aअनु. कुलकर्णी पद्मा./फॉलेट केन
245 _aआय ऑफ द निडल.
260 _bपुष्प प्रकाशन, पुणे 19.
_c1999
300 _a200
_bसाधी
365 _b40
520 _aसायो.
630 _aआय ऑफ द निडल.
650 _aसायो.
730 _aआय ऑफ द निडल.
942 _cBOOK
999 _c716768
_d716765